[Event "Gibtelecom ChallWk1 6th"]
[Site "Gibraltar"]
[Date "2008.01.24"]
[Round "3.3"]
[White "Lovik, Lasse Ostebo"]
[Black "Horton-Kitchlew, Andrew"]
[Result "1/2-1/2"]
[WhiteElo "2052"]
[BlackElo "2091"]
[PlyCount "140"]
[EventDate "2008.01.22"]
[EventType "swiss"]
[EventRounds "5"]
[EventCountry "GGB"]
[SourceTitle "BritBase"]
[Source "www.saund.co.uk"]
[SourceDate "2018.02.10"]
[SourceVersion "1"]
[SourceVersionDate "2018.02.10"]
[SourceQuality "1"]

1. e4 d6 2. d4 c6 3. c4 Nf6 4. Nc3 Na6 5. Be2 Nc7 6. f3 b6 7. Be3 e6 8. f4 Bd7
9. e5 Ng8 10. Nf3 d5 11. Qc2 Nh6 12. O-O-O a5 13. h3 a4 14. g4 dxc4 15. Bxc4
Nd5 16. Bxd5 cxd5 17. f5 b5 18. fxe6 fxe6 19. Ng5 b4 20. Nxh7 Qc7 21. Nxf8 Rxf8
22. Ne2 Qxc2+ 23. Kxc2 Rf3 24. Kd2 Bb5 25. Nf4 Kd7 26. Nd3 Bxd3 27. Kxd3 Raf8
28. Ke2 R3f7 29. Rhf1 Rc8 30. Kd3 a3 31. Rxf7+ Nxf7 32. Bd2 axb2 33. Rb1 Rh8
34. Rxb2 Rxh3+ 35. Kc2 Rg3 36. Rxb4 Rxg4 37. Rb7+ Ke8 38. a4 Rxd4 39. a5 Nxe5
40. a6 Rc4+ 41. Kb3 Nc6 42. Bc3 g5 43. Bf6 g4 44. a7 Nxa7 45. Rxa7 Rf4 46. Bg5
Rf3+ 47. Kb4 g3 48. Rg7 Rf7 49. Rg6 Rb7+ 50. Kc5 Kf7 51. Rf6+ Kg7 52. Rf3 Kg6
53. Rxg3 Kf5 54. Bd2 Rb2 55. Bc3 Rb1 56. Re3 Rc1 57. Kd6 Rb1 58. Re5+ Kf4 59.
Bd2+ Kf3 60. Kxe6 d4 61. Bg5 Rd1 62. Kf5 d3 63. Rd5 Ke2 64. Ke4 Rg1 65. Re5 d2
66. Kd4+ Kd1 67. Kd3 Rg3+ 68. Ke4 Rxg5 69. Rxg5 Kc2 70. Rc5+ Kb2 1/2-1/2

[Event "Gibtelecom ChallWk1 6th"]
[Site "Gibraltar"]
[Date "2008.01.24"]
[Round "3.4"]
[White "Urbina Perez, Juan Antonio"]
[Black "Dennis, Nigel W"]
[Result "1-0"]
[WhiteElo "2241"]
[BlackElo "1957"]
[PlyCount "55"]
[EventDate "2008.01.22"]
[EventType "swiss"]
[EventRounds "5"]
[EventCountry "GGB"]
[SourceTitle "BritBase"]
[Source "www.saund.co.uk"]
[SourceDate "2018.02.10"]
[SourceVersion "1"]
[SourceVersionDate "2018.02.10"]
[SourceQuality "1"]

1. e4 c5 2. Nf3 e6 3. b3 d5 4. exd5 exd5 5. Bb5+ Bd7 6. Bxd7+ Nxd7 7. O-O Bd6
8. Bb2 f6 9. d4 Ne7 10. Qe2 Qb6 11. Nc3 O-O-O 12. Na4 Qc7 13. c4 Rhe8 14. Rfe1
dxc4 15. dxc5 Nxc5 16. Nxc5 Bxc5 17. Qxc4 Kb8 18. Rac1 Rc8 19. Qe4 Qb6 20. Bd4
Bxd4 21. Nxd4 Rcd8 22. Nf5 Nc6 23. Qxe8 Rxe8 24. Rxe8+ Kc7 25. Re7+ Kb8 26.
Rxg7 a5 27. Nd6 Qd4 28. Rg8+ 1-0

[Event "Gibtelecom ChallWk1 6th"]
[Site "Gibraltar"]
[Date "2008.01.24"]
[Round "3.5"]
[White "Lyell, Mark"]
[Black "Quinn, Joseph"]
[Result "1-0"]
[WhiteElo "2221"]
[BlackElo "1750"]
[PlyCount "39"]
[EventDate "2008.01.22"]
[EventType "swiss"]
[EventRounds "5"]
[EventCountry "GGB"]
[SourceTitle "BritBase"]
[Source "www.saund.co.uk"]
[SourceDate "2018.02.10"]
[SourceVersion "1"]
[SourceVersionDate "2018.02.10"]
[SourceQuality "1"]

1. e4 e5 2. f4 exf4 3. Nf3 g5 4. h4 g4 5. Ne5 Nf6 6. d4 d6 7. Nd3 Nxe4 8. Bxf4
Nc6 9. c3 Bg7 10. d5 Qe7 11. Be2 Nb8 12. O-O g3 13. Nd2 Qxh4 14. Qa4+ Kf8 15.
Bxg3 Qxg3 16. Qxe4 Qg6 17. Qh4 f6 18. Bh5 Qh6 19. Rae1 Bd7 20. Ne4 1-0

[Event "Gibtelecom ChallWk1 6th"]
[Site "Gibraltar"]
[Date "2008.01.24"]
[Round "3.6"]
[White "Larsson, Daniel"]
[Black "Erdelyi, Tamas"]
[Result "0-1"]
[WhiteElo "2003"]
[BlackElo "2186"]
[PlyCount "148"]
[EventDate "2008.01.22"]
[EventType "swiss"]
[EventRounds "5"]
[EventCountry "GGB"]
[SourceTitle "BritBase"]
[Source "www.saund.co.uk"]
[SourceDate "2018.02.10"]
[SourceVersion "1"]
[SourceVersionDate "2018.02.10"]
[SourceQuality "1"]

1. e4 c5 2. Nf3 e6 3. d4 cxd4 4. Nxd4 a6 5. Nc3 Qc7 6. Bd3 Nf6 7. O-O Bc5 8.
Nb3 Be7 9. f4 d6 10. a4 b6 11. e5 Nfd7 12. exd6 Bxd6 13. Ne4 Be7 14. f5 e5 15.
Qg4 Kf8 16. Qg3 Nf6 17. Bg5 Nbd7 18. Rfe1 Bb7 19. Nbd2 h6 20. Nxf6 Bc5+ 21. Be3
gxf6 22. Ne4 Ke7 23. Qf2 Rhg8 24. Ng3 h5 25. Be4 h4 26. Bxb7 hxg3 27. Qf3 gxh2+
28. Kh1 Ra7 29. Be4 Bxe3 30. Qxe3 Qc5 31. Kxh2 Qxe3 32. Rxe3 Nc5 33. b4 Nxe4
34. Rxe4 Rc7 35. c4 a5 36. Rb1 Rgc8 37. bxa5 bxa5 38. Rb5 Rxc4 39. Rxc4 Rxc4
40. Rxa5 Rf4 41. Ra8 Rxf5 42. a5 Rf4 43. a6 Ra4 44. a7 f5 45. Kg3 Kf6 46. Kf2
f4 47. Kf3 Kf5 48. g4+ fxg3 49. Kxg3 Ra3+ 50. Kf2 Kf4 51. Ke2 Ke4 52. Kd2 f5
53. Kc2 f4 54. Kb2 Ra6 55. Kc2 f3 56. Kc3 Ra1 57. Kd2 Ra2+ 58. Kc3 Ra1 59. Kd2
f2 60. Rf8 Rxa7 61. Ke2 Ra2+ 62. Kf1 Ke3 63. Rf3+ Ke4 64. Rf8 Kd3 65. Rf3+ Kd4
66. Rf7 e4 67. Rf8 Rd2 68. Rf7 Kd3 69. Rf3+ Kd4 70. Rf7 e3 71. Rd7+ Kc3 72.
Rc7+ Kd3 73. Kg2 Ke2 74. Rf7 Rd1 0-1

[Event "Gibtelecom ChallWk1 6th"]
[Site "Gibraltar"]
[Date "2008.01.24"]
[Round "3.7"]
[White "Osuna Vega, Enrique"]
[Black "Georgieva, Emilia"]
[Result "1/2-1/2"]
[WhiteElo "2146"]
[BlackElo "1985"]
[PlyCount "91"]
[EventDate "2008.01.22"]
[EventType "swiss"]
[EventRounds "5"]
[EventCountry "GGB"]
[SourceTitle "BritBase"]
[Source "www.saund.co.uk"]
[SourceDate "2018.02.10"]
[SourceVersion "1"]
[SourceVersionDate "2018.02.10"]
[SourceQuality "1"]

1. e4 c5 2. Nf3 d6 3. Bb5+ Bd7 4. Bxd7+ Nxd7 5. c4 e5 6. Nc3 Ne7 7. O-O g6 8.
d3 h6 9. Ne1 g5 10. Nc2 Qc7 11. Ne3 Nf6 12. Qf3 Bg7 13. Nf5 Nxf5 14. Qxf5 Qd7
15. Qxd7+ Kxd7 16. Bd2 b6 17. a3 a5 18. b3 Ra6 19. f3 Rha8 20. g3 Rf8 21. Kg2
Ne8 22. Nd5 Nc7 23. Nxc7 Kxc7 24. a4 f5 25. g4 f4 26. h4 Rh8 27. Rh1 Raa8 28.
Rh3 Kd7 29. Rah1 Ke6 30. Kf1 Kf6 31. Ke2 Kg6 32. Kd1 Kf6 33. Kc2 Kg6 34. Be1
Kf6 35. Bf2 Kg6 36. b4 axb4 37. Kb3 Bf6 38. hxg5 Bxg5 39. Rh5 Ra7 40. Bh4 Rah7
41. Kb2 Bxh4 42. R1xh4 Ra8 43. Kb3 Rah8 44. Rh1 Ra8 45. R1h2 Rah8 46. Rh1
1/2-1/2

[Event "Gibtelecom ChallWk1 6th"]
[Site "Gibraltar"]
[Date "2008.01.24"]
[Round "3.8"]
[White "Lindsoe, Fredrik Aunan"]
[Black "Kozlov, Oleg"]
[Result "0-1"]
[WhiteElo "2001"]
[BlackElo "2144"]
[PlyCount "58"]
[EventDate "2008.01.22"]
[EventType "swiss"]
[EventRounds "5"]
[EventCountry "GGB"]
[SourceTitle "BritBase"]
[Source "www.saund.co.uk"]
[SourceDate "2018.02.10"]
[SourceVersion "1"]
[SourceVersionDate "2018.02.10"]
[SourceQuality "1"]

1. e4 c5 2. Nf3 e6 3. d4 cxd4 4. Nxd4 a6 5. Nc3 b5 6. Bd3 Qb6 7. Nf3 Qc7 8. O-O
d6 9. Qe2 Nd7 10. a4 b4 11. Na2 Qb8 12. Bd2 a5 13. Bb5 Ngf6 14. e5 dxe5 15.
Nxe5 Bd6 16. f4 O-O 17. Rae1 Ba6 18. Bxa6 Qb6+ 19. Kh1 Qxa6 20. Qf3 Nc5 21. b3
Rac8 22. Nc4 Be7 23. Re5 Nfd7 24. Rh5 g6 25. Rh6 Nf6 26. f5 exf5 27. Bg5 Nce4
28. Bc1 Rxc4 29. bxc4 Qxc4 0-1

[Event "Gibtelecom ChallWk1 6th"]
[Site "Gibraltar"]
[Date "2008.01.24"]
[Round "3.9"]
[White "Bryn, Askild"]
[Black "Compton, Alistair"]
[Result "0-1"]
[WhiteElo "1997"]
[BlackElo "2132"]
[PlyCount "34"]
[EventDate "2008.01.22"]
[EventType "swiss"]
[EventRounds "5"]
[EventCountry "GGB"]
[SourceTitle "BritBase"]
[Source "www.saund.co.uk"]
[SourceDate "2018.02.10"]
[SourceVersion "1"]
[SourceVersionDate "2018.02.10"]
[SourceQuality "1"]

1. e4 e6 2. d4 d5 3. e5 c5 4. c3 Nc6 5. Nf3 Bd7 6. a3 f6 7. b4 fxe5 8. dxe5 Qc7
9. Bf4 Nge7 10. Bd3 g6 11. h4 Bg7 12. Qe2 O-O 13. g3 cxb4 14. h5 bxc3 15. hxg6
hxg6 16. Ra2 Nf5 17. Bxf5 Rxf5 0-1

[Event "Gibtelecom ChallWk1 6th"]
[Site "Gibraltar"]
[Date "2008.01.24"]
[Round "3.10"]
[White "Hamer, Martyn"]
[Black "Morris-Hill, Ray"]
[Result "1-0"]
[WhiteElo "1962"]
[BlackElo "2129"]
[PlyCount "123"]
[EventDate "2008.01.22"]
[EventType "swiss"]
[EventRounds "5"]
[EventCountry "GGB"]
[SourceTitle "BritBase"]
[Source "www.saund.co.uk"]
[SourceDate "2018.02.10"]
[SourceVersion "1"]
[SourceVersionDate "2018.02.10"]
[SourceQuality "1"]

1. e4 c5 2. Nf3 Nc6 3. d4 cxd4 4. Nxd4 e5 5. Nb5 d6 6. c4 Be7 7. N1c3 a6 8. Na3
Be6 9. Be2 Bg5 10. O-O h6 11. Nc2 Nge7 12. Nd5 Bxc1 13. Rxc1 O-O 14. Qd2 Ng6
15. Rfd1 Qh4 16. Qe3 Rad8 17. Bf3 f5 18. exf5 Bxf5 19. b3 e4 20. g3 Qh3 21. Bg2
Qh5 22. Bxe4 Bxe4 23. Qxe4 Rde8 24. Qg2 Re2 25. Rf1 Nge5 26. Nf4 Rxf4 27. gxf4
Nf3+ 28. Kh1 Re6 29. Ne1 Ncd4 30. Nxf3 Rg6 31. Ng5 hxg5 32. Qd5+ Kh7 33. f3 Ne2
34. Rc2 Ng3+ 35. Kg2 Nxf1 36. Kxf1 Qh3+ 37. Ke1 gxf4 38. Re2 Qh4+ 39. Kd2 Qf6
40. Qe4 Qb2+ 41. Kd3 Qb1+ 42. Kd4 Qg1+ 43. Kc3 Qg5 44. Qxb7 Qf6+ 45. Kb4 a5+
46. Ka3 Qf8 47. Qe7 Qf5 48. Qe4 Qc5+ 49. Kb2 Qg5 50. Rd2 Qf6+ 51. Ka3 Kh6 52.
Rd4 Rg2 53. Qxf4+ Qxf4 54. Rxf4 Rxh2 55. Rd4 Rf2 56. Rxd6+ Kh5 57. Rd3 g5 58.
Rc3 Kh4 59. c5 Kg3 60. c6 Rxf3 61. Rxf3+ Kxf3 62. c7 1-0

[Event "Gibtelecom ChallWk1 6th"]
[Site "Gibraltar"]
[Date "2008.01.24"]
[Round "3.11"]
[White "Skage, Oystein Aagedal"]
[Black "Arnott, Jonathan W"]
[Result "0-1"]
[WhiteElo "1919"]
[BlackElo "2117"]
[PlyCount "110"]
[EventDate "2008.01.22"]
[EventType "swiss"]
[EventRounds "5"]
[EventCountry "GGB"]
[SourceTitle "BritBase"]
[Source "www.saund.co.uk"]
[SourceDate "2018.02.10"]
[SourceVersion "1"]
[SourceVersionDate "2018.02.10"]
[SourceQuality "1"]

1. e4 e6 2. d4 d5 3. Nc3 Nf6 4. e5 Nfd7 5. f4 c5 6. Nf3 Nc6 7. Be3 a6 8. Qd2 b5
9. a3 g5 10. fxg5 cxd4 11. Nxd4 Ncxe5 12. Be2 Bg7 13. Bh5 O-O 14. O-O-O Nc4 15.
Qf2 Nde5 16. Bf4 Qe7 17. Rhe1 b4 18. axb4 Qxb4 19. Nb3 Nxb2 20. Bxe5 Bxe5 21.
Rxe5 Nc4 22. Nb1 Nxe5 23. Rd4 Qe7 24. Qg3 Ng6 25. N1d2 Bb7 26. Nf3 Rac8 27.
Bxg6 fxg6 28. Qh3 Rc4 29. Qg3 Rfc8 30. h4 Rxc2+ 31. Kd1 R2c3 32. Nbd2 a5 33.
Qe5 Ba6 34. Ke1 Re8 35. Rf4 Qc7 36. Qd4 Rc1+ 37. Kf2 Qc5 38. Qxc5 Rxc5 39. Ne5
Rc2 40. Rd4 a4 41. Nd7 Bc4 42. Nf6+ Kf7 43. Ke1 Rc1+ 44. Kf2 e5 45. Nxc4 exd4
46. Nd6+ Ke6 47. Ndxe8 a3 48. Nxh7 a2 49. h5 a1=Q 50. hxg6 Rf1+ 51. Kg3 Qe1+
52. Kg4 Qe4+ 53. Kh3 Rh1+ 54. Kg3 Qh4+ 55. Kf3 Rf1+ 0-1

[Event "Gibtelecom ChallWk1 6th"]
[Site "Gibraltar"]
[Date "2008.01.24"]
[Round "3.12"]
[White "Arvola, Benjamin"]
[Black "Gandrud, Vegar Koi"]
[Result "1-0"]
[WhiteElo "2062"]
[BlackElo "1819"]
[PlyCount "61"]
[EventDate "2008.01.22"]
[EventType "swiss"]
[EventRounds "5"]
[EventCountry "GGB"]
[SourceTitle "BritBase"]
[Source "www.saund.co.uk"]
[SourceDate "2018.02.10"]
[SourceVersion "1"]
[SourceVersionDate "2018.02.10"]
[SourceQuality "1"]

1. d4 d5 2. c4 e6 3. Nc3 c6 4. e3 Nf6 5. Nf3 Nbd7 6. Qc2 Bb4 7. a3 Bxc3+ 8.
Qxc3 O-O 9. Be2 Re8 10. O-O Qc7 11. b4 b6 12. Bb2 Bb7 13. Rac1 Rac8 14. cxd5
exd5 15. Nd2 Qd6 16. Bd3 Ng4 17. Nf3 Ngf6 18. Bb1 Ne4 19. Qd3 Qh6 20. Rfe1 Re6
21. Ne5 Nxe5 22. dxe5 Rg6 23. f3 Qh3 24. Qc2 Qxf3 25. Qe2 Qxe2 26. Rxe2 Ba6 27.
Ree1 Re6 28. Red1 Be2 29. Rxd5 f5 30. Rd7 a6 31. Ba2 1-0

[Event "Gibtelecom ChallWk1 6th"]
[Site "Gibraltar"]
[Date "2008.01.24"]
[Round "3.13"]
[White "Haugstad, Espen"]
[Black "Foisor, Veronica"]
[Result "1-0"]
[WhiteElo "2042"]
[BlackElo "2043"]
[PlyCount "74"]
[EventDate "2008.01.22"]
[EventType "swiss"]
[EventRounds "5"]
[EventCountry "GGB"]
[SourceTitle "BritBase"]
[Source "www.saund.co.uk"]
[SourceDate "2018.02.10"]
[SourceVersion "1"]
[SourceVersionDate "2018.02.10"]
[SourceQuality "1"]

1. e4 c5 2. Nf3 a6 3. c3 e6 4. d4 d5 5. e5 Bd7 6. Be3 cxd4 7. cxd4 Bb5 8. Bxb5+
axb5 9. O-O Nc6 10. Nc3 b4 11. Ne2 Nge7 12. Ng3 Ng6 13. Ng5 h6 14. Nh3 Nh4 15.
Qg4 g6 16. Nf4 Be7 17. Rfc1 Qd7 18. Nd3 b6 19. b3 Rc8 20. Rc2 h5 21. Qe2 Kf8
22. Rac1 Kg7 23. Qd2 Rc7 24. Nb2 Rcc8 25. Na4 Qb7 26. h3 Na7 27. Bg5 Nf5 28.
Bxe7 Qxe7 29. Nxb6 Rxc2 30. Nxf5+ gxf5 31. Rxc2 Rb8 32. Na4 Kh7 33. Qe2 Kh6 34.
Rc5 Rc8 35. Qd2+ Qg5 36. Qxb4 Rg8 37. g3 h4 {time} 1-0

[Event "Gibtelecom ChallWk1 6th"]
[Site "Gibraltar"]
[Date "2008.01.24"]
[Round "3.14"]
[White "Mancini, Giustino"]
[Black "Rosberg, Simon"]
[Result "0-1"]
[WhiteElo "2020"]
[BlackElo "2246"]
[PlyCount "76"]
[EventDate "2008.01.22"]
[EventType "swiss"]
[EventRounds "5"]
[EventCountry "GGB"]
[SourceTitle "BritBase"]
[Source "www.saund.co.uk"]
[SourceDate "2018.02.10"]
[SourceVersion "1"]
[SourceVersionDate "2018.02.10"]
[SourceQuality "1"]

1. c4 Nf6 2. Nf3 e6 3. Nc3 c5 4. d4 cxd4 5. Nxd4 a6 6. a3 Be7 7. e4 d6 8. Be2
Qc7 9. O-O b6 10. Be3 Bb7 11. f3 O-O 12. Rc1 Nbd7 13. Qe1 Rac8 14. Qf2 Qb8 15.
Nb3 Bd8 16. Nd2 Bc7 17. b4 d5 18. Qh4 Ne5 19. exd5 Ng6 20. Qh3 exd5 21. f4 Nxf4
22. Qh4 Nxg2 23. Kxg2 d4+ 24. Bf3 dxe3 25. Nde4 Nxe4 26. Nxe4 Rce8 27. Kh1 Re6
28. Rg1 Rg6 29. c5 Bd8 30. Qh5 f5 31. Nd6 Rh6 32. Rxg7+ Kxg7 33. Nxf5+ Rxf5 34.
Rg1+ Rg5 35. Rxg5+ Bxg5 36. Qxg5+ Kh8 37. Qxh6 Bxf3+ 38. Kg1 Qg8+ 0-1

[Event "Gibtelecom ChallWk1 6th"]
[Site "Gibraltar"]
[Date "2008.01.24"]
[Round "3.15"]
[White "Husin, Axel"]
[Black "Bates, Caspar J"]
[Result "0-1"]
[WhiteElo "2012"]
[BlackElo "2190"]
[PlyCount "116"]
[EventDate "2008.01.22"]
[EventType "swiss"]
[EventRounds "5"]
[EventCountry "GGB"]
[SourceTitle "BritBase"]
[Source "www.saund.co.uk"]
[SourceDate "2018.02.10"]
[SourceVersion "1"]
[SourceVersionDate "2018.02.10"]
[SourceQuality "1"]

1. e4 e5 2. Nf3 Nc6 3. Bb5 a6 4. Ba4 Nf6 5. d3 d6 6. c3 Be7 7. O-O O-O 8. Re1
b5 9. Bc2 Bg4 10. Nbd2 d5 11. Nf1 d4 12. Ng3 g6 13. h3 Bxf3 14. Qxf3 Re8 15. h4
Qd6 16. h5 dxc3 17. hxg6 hxg6 18. bxc3 b4 19. d4 exd4 20. Bf4 Ne5 21. Bxe5 Qxe5
22. cxd4 Qxd4 23. e5 Nh7 24. e6 f5 25. Rad1 Qc3 26. Nxf5 Qxf3 27. Nxe7+ Rxe7
28. gxf3 Ng5 29. Re3 Kg7 30. Rd7 Rae8 31. f4 Nh7 32. Rg3 Nf8 33. Rxe7+ Rxe7 34.
f5 Kf6 35. fxg6 Nxe6 36. Rg4 c5 37. f4 Rd7 38. Bb3 Ng7 39. Bf7 Rd2 40. Rg5 Nf5
41. Rxf5+ Kxf5 42. g7 Rd8 43. g8=Q Rxg8+ 44. Bxg8 Kxf4 45. Kf2 a5 46. Ke2 Ke4
47. Kd2 a4 48. Kc1 Kd4 49. Kb2 c4 50. Bh7 Ke3 51. Kc2 a3 52. Bg8 b3+ 53. axb3
a2 54. Kb2 c3+ 55. Kxa2 c2 56. Kb2 Kd2 57. Bc4 c1=Q+ 58. Ka2 Kc3 0-1

[Event "Gibtelecom ChallWk1 6th"]
[Site "Gibraltar"]
[Date "2008.01.24"]
[Round "3.16"]
[White "Jap Tjoen San, Linda"]
[Black "Revesz, Kinga"]
[Result "1-0"]
[WhiteElo "2174"]
[BlackElo "2026"]
[PlyCount "69"]
[EventDate "2008.01.22"]
[EventType "swiss"]
[EventRounds "5"]
[EventCountry "GGB"]
[SourceTitle "BritBase"]
[Source "www.saund.co.uk"]
[SourceDate "2018.02.10"]
[SourceVersion "1"]
[SourceVersionDate "2018.02.10"]
[SourceQuality "1"]

1. e4 c5 2. Nf3 e6 3. d4 cxd4 4. Nxd4 a6 5. Bd3 Bc5 6. Nb3 Be7 7. O-O d6 8. c4
Qc7 9. Be3 b6 10. Nc3 Bb7 11. f4 Nf6 12. Rc1 Nbd7 13. Qf3 g6 14. Kh1 h5 15. Bg1
Ng4 16. Qe2 Ndf6 17. Na4 Nd7 18. f5 gxf5 19. exf5 e5 20. Nd2 Bg5 21. Rc2 Bxd2
22. Rxd2 Ngf6 23. Qe3 h4 24. h3 Nh5 25. Bh2 O-O-O 26. Nc3 Kb8 27. Nd5 Qc5 28.
Qxc5 bxc5 29. Be2 Ndf6 30. Bxh5 Nxh5 31. Rfd1 Bxd5 32. Rxd5 Kc7 33. Kg1 Nf6 34.
R5d3 Ne4 35. Ra3 {illegible (51 moves)} 1-0

[Event "Gibtelecom ChallWk1 6th"]
[Site "Gibraltar"]
[Date "2008.01.24"]
[Round "3.17"]
[White "Vea, Odin Blikra"]
[Black "Getz, Nicolai"]
[Result "1/2-1/2"]
[WhiteElo "2168"]
[BlackElo "2019"]
[PlyCount "67"]
[EventDate "2008.01.22"]
[EventType "swiss"]
[EventRounds "5"]
[EventCountry "GGB"]
[SourceTitle "BritBase"]
[Source "www.saund.co.uk"]
[SourceDate "2018.02.10"]
[SourceVersion "1"]
[SourceVersionDate "2018.02.10"]
[SourceQuality "1"]

1. d4 Nf6 2. c4 e6 3. Nf3 b6 4. g3 Bb7 5. Bg2 Be7 6. O-O O-O 7. d5 exd5 8. Nh4
c6 9. cxd5 Nxd5 10. Nf5 Na6 11. e4 Ndc7 12. Qg4 Ne6 13. e5 Nac5 14. Bh6 Bg5 15.
Nxg7 Ba6 16. Nxe6 Nxe6 17. h4 Be2 18. f3 Bxf1 19. Kxf1 f5 20. exf6 Qxf6 21.
Bxg5 h5 22. Bxf6+ hxg4 23. Bc3 gxf3 24. Bh3 Nc5 25. Nd2 Rae8 26. Re1 Rxe1+ 27.
Kxe1 a5 28. Kf2 a4 29. Bd4 Nd3+ 30. Ke3 Ne1 31. Kf2 Nd3+ 32. Ke3 Ne1 33. Bxd7
Nc2+ 34. Kd3 1/2-1/2

[Event "Gibtelecom ChallWk1 6th"]
[Site "Gibraltar"]
[Date "2008.01.24"]
[Round "3.18"]
[White "Reichard, Sigge"]
[Black "Kawuma, Steven Male"]
[Result "0-1"]
[WhiteElo "1967"]
[BlackElo "2166"]
[PlyCount "86"]
[EventDate "2008.01.22"]
[EventType "swiss"]
[EventRounds "5"]
[EventCountry "GGB"]
[SourceTitle "BritBase"]
[Source "www.saund.co.uk"]
[SourceDate "2018.02.10"]
[SourceVersion "1"]
[SourceVersionDate "2018.02.10"]
[SourceQuality "1"]

1. e4 c5 2. Nf3 Nc6 3. d4 cxd4 4. Nxd4 Nf6 5. Nc3 e5 6. Ndb5 d6 7. Bg5 a6 8.
Na3 b5 9. Nd5 Be7 10. Bxf6 Bxf6 11. c3 O-O 12. Nc2 Rb8 13. Ncb4 Nxb4 14. Nxb4
Bb7 15. Nd5 Bg5 16. Be2 Kh8 17. O-O Bc6 18. Qd3 a5 19. b4 a4 20. Rfd1 g6 21.
Bf3 Qd7 22. a3 f5 23. Ra2 Bd8 24. Rc2 Rc8 25. Ne3 Be7 26. Nd5 Bd8 27. c4 bxc4
28. Qxc4 Bb7 29. Qa2 Bxd5 30. Rxd5 fxe4 31. Bxe4 Bb6 32. Rdd2 Bd4 33. g3 Qg4
34. Bg2 Qf5 35. Re2 Qd3 36. Bf1 Qb3 37. Bg2 Rc3 38. Qxb3 axb3 39. Rb2 Rc1+ 40.
Bf1 Bxb2 41. Rxb2 Rc3 42. a4 Ra8 43. a5 d5 0-1

[Event "Gibtelecom ChallWk1 6th"]
[Site "Gibraltar"]
[Date "2008.01.24"]
[Round "3.19"]
[White "Schmidt, Raul"]
[Black "Thollin, Robert"]
[Result "1-0"]
[WhiteElo "2160"]
[BlackElo "2011"]
[PlyCount "61"]
[EventDate "2008.01.22"]
[EventType "swiss"]
[EventRounds "5"]
[EventCountry "GGB"]
[SourceTitle "BritBase"]
[Source "www.saund.co.uk"]
[SourceDate "2018.02.10"]
[SourceVersion "1"]
[SourceVersionDate "2018.02.10"]
[SourceQuality "1"]

1. Nf3 Nf6 2. c4 c5 3. d4 cxd4 4. Nxd4 e5 5. Nb5 d5 6. cxd5 Bc5 7. e3 O-O 8.
N5c3 e4 9. a3 Bf5 10. Be2 Nbd7 11. Nd2 Ne5 12. h3 h6 13. b4 Bb6 14. Bb2 Nd3+
15. Bxd3 exd3 16. Qf3 Qd7 17. e4 Rfe8 18. O-O Bg6 19. Qxd3 Rac8 20. Rfe1 Qd6
21. Nc4 Rxc4 22. Qxc4 Qf4 23. Qf1 Bxe4 24. Rad1 Bc7 25. d6 Bxd6 26. g3 Qf3 27.
Nxe4 Nxe4 28. Qe2 Qf5 29. Kg2 h5 30. Qf3 Qg6 31. Rxe4 1-0

[Event "Gibtelecom ChallWk1 6th"]
[Site "Gibraltar"]
[Date "2008.01.24"]
[Round "3.20"]
[White "Hansen, Pal Andreas"]
[Black "Edvardsen, Ingar"]
[Result "1-0"]
[WhiteElo "2108"]
[BlackElo "1972"]
[PlyCount "73"]
[EventDate "2008.01.22"]
[EventType "swiss"]
[EventRounds "5"]
[EventCountry "GGB"]
[SourceTitle "BritBase"]
[Source "www.saund.co.uk"]
[SourceDate "2018.02.10"]
[SourceVersion "1"]
[SourceVersionDate "2018.02.10"]
[SourceQuality "1"]

1. e4 c5 2. Nf3 Nc6 3. d4 cxd4 4. Nxd4 Nf6 5. Nc3 e5 6. Ndb5 d6 7. Bg5 a6 8.
Na3 b5 9. Nd5 Be7 10. Bxf6 Bxf6 11. c3 O-O 12. Nc2 Bg5 13. a4 bxa4 14. Rxa4 a5
15. Bc4 Kh8 16. Nce3 Be6 17. O-O Ne7 18. Nxe7 Bxe7 19. Bd5 Rb8 20. b3 Qd7 21.
Nc4 Bxd5 22. Qxd5 Rxb3 23. Rxa5 Qb7 24. Nxd6 Qxd5 25. Rxd5 Rxc3 26. Nf5 Bf6 27.
Ne3 h5 28. Rb5 Re8 29. Nd5 Rc6 30. g3 g6 31. Ra1 Bg7 32. Ra7 Rc4 33. Rxf7 Rf8
34. Rxf8+ Bxf8 35. Rb8 Kg7 36. Rb7+ Kh8 37. Nf6 1-0

[Event "Gibtelecom ChallWk1 6th"]
[Site "Gibraltar"]
[Date "2008.01.24"]
[Round "3.21"]
[White "Tofte, Sondre Waage"]
[Black "Hickman, John E"]
[Result "1-0"]
[WhiteElo "2108"]
[BlackElo "2009"]
[PlyCount "53"]
[EventDate "2008.01.22"]
[EventType "swiss"]
[EventRounds "5"]
[EventCountry "GGB"]
[SourceTitle "BritBase"]
[Source "www.saund.co.uk"]
[SourceDate "2018.02.10"]
[SourceVersion "1"]
[SourceVersionDate "2018.02.10"]
[SourceQuality "1"]

1. e4 d6 2. d4 Nf6 3. Nc3 g6 4. f4 Bg7 5. Nf3 c5 6. dxc5 Qa5 7. Bd3 Qxc5 8. Qe2
Bg4 9. Be3 Qa5 10. O-O O-O 11. h3 Bxf3 12. Qxf3 Nc6 13. Rad1 Nd7 14. Qg4 Nc5
15. f5 Rac8 16. Nd5 Qd8 17. Qh4 Nd7 18. Bg5 Bd4+ 19. Kh1 Nf6 20. fxg6 fxg6 21.
Bc4 Kh8 22. Nf4 Ne5 23. Rxd4 Rxc4 24. Rxc4 Nxc4 25. Nxg6+ Kg7 26. Nxf8 Kxf8 27.
Bxf6 1-0

[Event "Gibtelecom ChallWk1 6th"]
[Site "Gibraltar"]
[Date "2008.01.24"]
[Round "3.22"]
[White "Suez-Panama, Gilles"]
[Black "Pettersson, Anders"]
[Result "1/2-1/2"]
[WhiteElo "2099"]
[BlackElo "1984"]
[PlyCount "119"]
[EventDate "2008.01.22"]
[EventType "swiss"]
[EventRounds "5"]
[EventCountry "GGB"]
[SourceTitle "BritBase"]
[Source "www.saund.co.uk"]
[SourceDate "2018.02.10"]
[SourceVersion "1"]
[SourceVersionDate "2018.02.10"]
[SourceQuality "1"]

1. d4 d5 2. Nf3 Nf6 3. c4 c6 4. Nc3 e6 5. g3 Nbd7 6. Bg2 Bd6 7. O-O O-O 8. Qc2
dxc4 9. Rd1 Qc7 10. Nd2 e5 11. Nxc4 exd4 12. Rxd4 Be5 13. Nxe5 Qxe5 14. Rd1 Nb6
15. Bf4 Qh5 16. Ne4 Nxe4 17. Bxe4 Be6 18. Bf3 Bg4 19. Bxg4 Qxg4 20. e4 Rfe8 21.
Kg2 Qe6 22. f3 Rad8 23. b3 h6 24. a4 Nc8 25. Qc4 Qxc4 26. bxc4 Rxd1 27. Rxd1
Nb6 28. c5 Nxa4 29. Bd6 b5 30. cxb6 axb6 31. Rc1 Rc8 32. f4 c5 33. Kf3 b5 34.
e5 b4 35. Rb1 Nc3 36. Rb2 f5 37. g4 g6 38. gxf5 gxf5 39. e6 Nd5 40. Rg2+ Kh7
41. Be5 Rg8 42. Rd2 Nb6 43. Rd6 Nc8 44. Rd7+ Kg6 45. Rc7 b3 46. Rxc5 Ne7 47.
Rb5 Re8 48. Rxb3 Nc6 49. Rb7 Nxe5+ 50. fxe5 Rxe6 {(=)} 51. Kf4 Ra6 52. Rb4 Ra2
53. Rb6+ Kf7 54. Rxh6 Kg7 55. Rh3 Rf2+ 56. Ke3 Rg2 57. Kf4 Rf2+ 58. Kg5 f4 59.
Kg4 f3 60. Kf4 1/2-1/2